000 00359nam a2200133Ia 4500
008 220216s9999 xx 000 0 und d
100 _aJacob G
245 0 _aDemand and marketing of gloves and availability of concentrated latex
260 _bRubber Board Bulletin
_c1989
300 _a23-28
650 _aMarketing
650 _aRubber gloves
942 _cJS
999 _c56789
_d56789